El desarrollo de la economía nacional bajo la influencia de la Guerra 1939-1945. (Record no. 5429)

MARC details
000 -CABECERA
campo de control de longitud fija 00930nam a2200241 a 4500
001 - NÚMERO DE CONTROL
campo de control BRCA_5739
005 - FECHA Y HORA DE LA ÚLTIMA TRANSACCIÓN
campo de control 20190320205211.0
008 - DATOS DE LONGITUD FIJA--INFORMACIÓN GENERAL
campo de control de longitud fija 040311s1945----mx-ald###s---#001-0#spa-#
041 ## - CÓDIGO DE LENGUA
Código de lengua del texto/banda sonora o título independiente spa
044 ## - CÓDIGO DEL PAÍS DE LA ENTIDAD EDITORA/PRODUCTORA
Código MARC del país mx
050 #4 - SIGNATURA TOPOGRÁFICA DE LA BIBLIOTECA DEL CONGRESO
Número de clasificación HC131
Número de documento/Ítem .D47 1945
245 10 - MENCIÓN DE TÍTULO
Título El desarrollo de la economía nacional bajo la influencia de la Guerra 1939-1945.
260 ## - PUBLICACIÓN, DISTRIBUCIÓN, ETC.
Lugar de publicación, distribución, etc. México
Nombre del editor, distribuidor, etc. Secretaría de la Economía Nacional
Fecha de publicación, distribución, etc. 1945
300 ## - DESCRIPCIÓN FÍSICA
Extensión 177 p.
Otras características físicas il.
Dimensiones 23 cm.
500 ## - NOTA GENERAL
Nota general Incluye tablas comparativas, índice alfabético e índice analítico
500 ## - NOTA GENERAL
Nota general Se publica como Capítulo III de la Memoria de la Secretaría de la Economía Nacional, correspondiente al período: 1944-1945
500 ## - NOTA GENERAL
Nota general H55
650 14 - PUNTO DE ACCESO ADICIONAL DE MATERIA--TÉRMINO DE MATERIA
Término de materia o nombre geográfico como elemento de entrada Economía
Subdivisión cronológica 1944-1945
9 (RLIN) 14559
651 #4 - PUNTO DE ACCESO ADICIONAL DE MATERIA--NOMBRE GEOGRÁFICO
Nombre geográfico México
Subdivisión general Condiciones económicas
Subdivisión cronológica 1918-1945
9 (RLIN) 14560
710 2# - PUNTO DE ACCESO ADICIONAL--NOMBRE DE ENTIDAD CORPORATIVA
Nombre de entidad corporativa o nombre de jurisdicción como elemento de entrada Secretaría de la Economía Nacional
Unidad subordinada Oficina de Barómetros Económicos
9 (RLIN) 14561
902 ## - CATALOGADOR
Iniciales GFM
942 ## - ELEMENTOS DE PUNTO DE ACCESO ADICIONAL (KOHA)
Fuente del sistema de clasificación o colocación Library of Congress Classification
Tipo de ítem Koha Libros
Holdings
Estado de retiro Estado de pérdida Estado dañado No para préstamo Localización permanente Ubicación/localización actual Fecha de adquisición Número de inventario Total de préstamos Signatura topográfica completa Código de barras Fecha visto por última vez Precio válido a partir de Tipo de ítem Koha
El ejemplar forma parte de la colección y puede ser consultado según las políticas vigentes.       Biblioteca del Museo Franz Mayer (Rogerio Casas-Alatriste) Biblioteca del Museo Franz Mayer (Rogerio Casas-Alatriste) 04/03/2011 H55   HC131 .D47 1945 (H55) 6175 22/03/2019 22/03/2019 Libros